• 首页
  • 本馆介绍
  • 公告通知
  • 最新文献
  • 馆藏检索
  • 电子资源
  • 读者导购
  • 参考咨询
  • 我的图书馆
  • 登录
  • 详细信息显示
  • 放入我的书架
  • 预约/预借图书
  • 作者相关作品
  • 分类相关作品
  • 丛书相关作品
  • 出版社相关作品

书目信息

  • 表格格式
  • 工作单格式
  • 卡片格式
题名:
考研英语(一)阅读理解过关必练200题
    
 
作者: 金威 主编
分册:  
出版信息: 北京   中国石化出版社  2014.2
页数: 234页
开本: 26cm
丛书名:
单 册:
中图分类: H319.37-44
科图分类:
主题词: 英语--Ying Yu--阅读教学--硕士生--入学考试--习题集 , 阅读教学--Yue Du Jiao Xue , 硕士生--Shuo Shi Sheng , 入学考试--Ru Xue Kao Shi , 习题集--Xi Ti Ji
电子资源:
ISBN: 978-7-5114-2635-2
000 01105nam0 22002771 450
001 0121113046
005 20161122104551.59
010    @a978-7-5114-2635-2@dCNY32.00
100    @a20140411d2014 em y0chiy50 ea
101 0  @achi@aeng
102    @aCN@b110000
105    @ay zq 000yy
106    @ar
200 1  @a考研英语(一)阅读理解过关必练200题@AKao Yan Ying Yu Yi Yue Du Li Jie Guo Guan Bi Lian 200Ti@f金威主编
210    @a北京@c中国石化出版社@d2014.2
215    @a234页@d26cm
330    @a本书作者为考生提炼了阅读理解应试策略,总结归纳了阅读理解题型和解题技巧,分类对学生进行了有针对性地专项训练,并且阐明了解题思路。书中内容包括:阅读理解题的应试策略、阅读理解题型介绍及真题回顾、阅读理解常考题型专项练习、考研英语阅读报刊真题题源选读等。
606 0  @a英语@AYing Yu@x阅读教学@x硕士生@x入学考试@j习题集
606 0  @a阅读教学@AYue Du Jiao Xue
606 0  @a硕士生@AShuo Shi Sheng
606 0  @a入学考试@ARu Xue Kao Shi
606 0  @a习题集@AXi Ti Ji
690    @aH319.37-44@v5
701  0 @a金威@AJin Wei@4主编
801  0 @aCN@bTANGWEI@c20161118
905    @b0898206-10@dH319.37-44@e161@f5
    
    考研英语(一)阅读理解过关必练200题/金威主编 .-北京:中国石化出版社,2014.2
    234页;26cm
    
    
    ISBN 978-7-5114-2635-2:CNY32.00
    本书作者为考生提炼了阅读理解应试策略,总结归纳了阅读理解题型和解题技巧,分类对学生进行了有针对性地专项训练,并且阐明了解题思路。书中内容包括:阅读理解题的应试策略、阅读理解题型介绍及真题回顾、阅读理解常考题型专项练习、考研英语阅读报刊真题题源选读等。
●
相关链接 在E读中查询图书 在五车中查询图书 在当当中查询图书 在豆瓣中查询图书


正题名:考研英语(一)阅读理解过关必练200题     索取号:H319.37-44/161         预约/预借

序号 登录号 条形码 馆藏地/架位号 状态 备注
1 0898206   208982065   第二样本阅览室/ [索取号:H319.37-44/161] 在馆    
2 0898207   208982074   第四借阅区/ [索取号:H319.37-44/161] 在馆    
3 0898208   208982083   第四借阅区/ [索取号:H319.37-44/161] 在馆    
4 0898209   208982092   第四借阅区/ [索取号:H319.37-44/161] 在馆    
5 0898210   208982109   第四借阅区/ [索取号:H319.37-44/161] 在馆    
唐山师范学院图书馆 欢迎您!
大连网信软件有限公司© 版权所有